El origen del sentido: Husserl, Heidegger, Derrida
Na minha lista:
| Autor principal: | |
|---|---|
| Formato: | Livro |
| Idioma: | espanhol |
| Publicado em: |
Santiago
Ediciones Metales Pesados
2013
|
| Edição: | 1a. ed |
| Assuntos: | |
| Tags: |
Adicionar Tag
Sem tags, seja o primeiro a adicionar uma tag!
|
MARC
| LEADER | 00000cam a2200000 a 4500 | ||
|---|---|---|---|
| 001 | UCE0405 | ||
| 003 | CL-VaPUC | ||
| 005 | 20231031131042.0 | ||
| 008 | 140116e20130800cl |||||||||||||||||spa|d | ||
| 999 | |c 354544 |d 354542 | ||
| 020 | |a 9789568415617 | ||
| 040 | |c Pontificia Universidad Católica de Valparaíso | ||
| 082 | 0 | 4 | |a 101 |b POT |2 21 |
| 100 | 0 | |a Potesta, Andrea |e author |9 572764 | |
| 245 | 1 | 3 | |a El origen del sentido: Husserl, Heidegger, Derrida |
| 250 | |a 1a. ed | ||
| 260 | |a Santiago |b Ediciones Metales Pesados |c 2013 | ||
| 300 | |a 267 p | ||
| 583 | |a last modification |c 20140116 11:53:00 |k Rodrigo Vera | ||
| 600 | 0 | 7 | |a Husserl, Edmund |d 1859-1938 |9 575718 |
| 600 | 0 | |a Derrida, Jacques |d 1930-2004 |9 449254 | |
| 650 | 0 | |a Historia de la filosofía |9 256920 | |
| 650 | 7 | |a TEORIA DE LA FILOSOFIA |2 CL-VaPUC |9 501558 | |
| 650 | 0 | |a Filosofía moderna |9 258121 | |
| 852 | |a BIBCUR | ||
| 942 | |c BK |2 ddc | ||
| 945 | |d 20140116 11:53:00 |a dcastane | ||
| 952 | |0 0 |1 0 |3 erb |4 0 |6 101_000000000000000_POT_2013 |7 0 |8 A |9 460489 |a BIBART |b BIBART |i 5049903 |o 101 POT 2013 |p 5049903 |r 2025-03-13 |w 2019-11-23 |y BK |z Catalogado en:20140116 |k ART | ||